[Event "The Summer Games"]
[Site "SchemingMind.com"]
[Date "2013.07.03"]
[Round "-"]
[White "Phillip Beckett"]
[Black "Mitch The Man"]
[Result "1-0"]
[WhiteCountry "ENG"]
[BlackCountry "USA"]
[WhiteElo "1588"]
[WhiteRD "51"]
[BlackElo "1408"]
[BlackRD "69"]
[GameID "334148"]

1. d4 d5 2. e3 a6 3. f4 Nf6 4. Nf3 Bf5 5. c3 Bxb1 6. Rxb1 Ne4 7. Bd3 f6 8. O-O e6 9. Bd2 Nxd2 10. Qxd2 Be7
11. Rfe1 O-O 12. e4 c6 13. e5 Qd7 14. exf6 Bxf6 15. Ne5 Bxe5 16. fxe5 Rf7 17. Qg5 Qe8 18. Rf1 Rxf1+ 19. Rxf1 Nd7 20. Qh4 h6
21. Qg3 Qe7 22. Qg6 Nf8 23. Qh5 Qg5 24. Qf7+ Kh8 25. Qxf8+
1-0

[Event "The Summer Games"]
[Site "SchemingMind.com"]
[Date "2013.07.03"]
[Round "-"]
[White "Mitch The Man"]
[Black "Phillip Beckett"]
[Result "0-1"]
[WhiteCountry "USA"]
[BlackCountry "ENG"]
[WhiteElo "1427"]
[WhiteRD "67"]
[BlackElo "1576"]
[BlackRD "55"]
[GameID "334149"]

1. e4 e5 2. Bc4 Nf6 3. d3 d6 4. h3 Be7 5. Ne2 h6 6. Bxf7+ Kxf7 7. O-O Be6 8. Kh2 Rf8 9. Be3 Kg8 10. c4 Nh5
11. Ng1 Nf4 12. Bxf4 Rxf4 13. g3 Rf8 14. Qe2 Nc6 15. Nc3 Nd4 16. Qd2 Qd7 17. Nce2 Nf3+ 18. Nxf3 Rxf3 19. Ng1 Rf7 20. Qd1 Raf8
21. Kg2 Bg5 22. Qe2 Bd8 23. b3 c5 24. f3 g5 25. g4 Kg7 26. Rf2 a5 27. a4 Qc7 28. Raf1 Qb6 29. Rb1 Qc6 30. Qd2 Bf6
31. Rbf1 Qb6 32. Qc3 Qb4 33. Qxb4 axb4 34. Ra1 b6 35. Raa2 Ra7 36. Ne2 Ra5 37. Ng3 Rfa8 38. Nh5+ Kg6 39. Nxf6 Kxf6 40. Rf1 Bd7
41. Rfa1 b5 42. Kg3 bxa4 43. h4 Bc8 44. hxg5+ hxg5 45. Rxa4 Rxa4 46. bxa4 Ra5
0-1

[Event "The Summer Games"]
[Site "SchemingMind.com"]
[Date "2013.07.06"]
[Round "-"]
[White "ray winteringham"]
[Black "Mitch The Man"]
[Result "1-0"]
[WhiteCountry "ENG"]
[BlackCountry "USA"]
[WhiteElo "1526"]
[WhiteRD "49"]
[BlackElo "1408"]
[BlackRD "69"]
[GameID "334242"]

1. g3 d5 2. Bg2 e6 3. Nf3 Bd6 4. O-O Ne7 5. d4 O-O 6. a3 f6 7. b3 Nbc6 8. Bb2 Bd7 9. c4 Nb8 10. c5 Bxg3
11. fxg3 c6 12. b4 Be8 13. e3 Nf5 14. Qe2 Bg6 15. Nbd2 Qc7 16. Qf2 Nh6 17. Bh3 Re8 18. Nh4 Bd3 19. Rfe1 Re7 20. Ng2 Bg6
21. a4 a6 22. Nf4 Bf7 23. Bg2 g5 24. Nh3 Kg7 25. e4 Ng4 26. Qf3 Bh5 27. Rf1 Kg6 28. e5 f5 29. Bc1 Nxe5 30. Qe3 Ng4
31. Ne4 Nxe3 32. Bxe3 fxe4 33. Bxg5 Rf7 34. Nf4+ Rxf4 35. Bxf4 Qg7 36. Be5 Qg8 37. Rf6+ Kg7 38. Raf1 Nd7 39. Rf8+
1-0

[Event "The Summer Games"]
[Site "SchemingMind.com"]
[Date "2013.07.05"]
[Round "-"]
[White "ray winteringham"]
[Black "Phillip Beckett"]
[Result "0-1"]
[WhiteCountry "ENG"]
[BlackCountry "ENG"]
[WhiteElo "1526"]
[WhiteRD "49"]
[BlackElo "1588"]
[BlackRD "51"]
[GameID "334243"]

1. g3 Nf6 2. Bg2 d5 3. Nf3 e6 4. O-O c5 5. d4 Nc6 6. Be3 Qb6 7. b3 cxd4 8. Nxd4 Nxd4 9. Bxd4 Bc5 10. e3 Bxd4
11. exd4 O-O 12. Nd2 Bd7 13. Rb1 Rac8 14. c4 Bc6 15. c5 Qc7 16. b4 a6 17. a3 Bb5 18. Re1 Nd7 19. Ra1 Nb8 20. Qc2 Nc6
21. Nf3 Rfd8 22. Ng5 g6 23. h4 Nxd4 24. Qc3 Nc6 25. Bh3 a5 26. Qf6 Qe7 27. Rxe6 Qxf6 28. Rxf6 Rc7 29. Rb1 Kg7 30. Rf4 d4
31. Rd1 d3 32. Be6 f6 33. Nf3 Re7 34. Bb3 Re2 35. Rd2 Rxd2 36. Nxd2 Nd4 37. Bd1 Ne2+ 38. Bxe2 dxe2 39. Nf3 Rd1+
0-1

[Event "The Summer Games"]
[Site "SchemingMind.com"]
[Date "2013.07.06"]
[Round "-"]
[White "Mitch The Man"]
[Black "ray winteringham"]
[Result "0-1"]
[WhiteCountry "USA"]
[BlackCountry "ENG"]
[WhiteElo "1408"]
[WhiteRD "69"]
[BlackElo "1526"]
[BlackRD "49"]
[GameID "334244"]

1. e4 e5 2. Nf3 Nc6 3. Bc4 d6 4. O-O Nf6 5. Qe1 Be7 6. h3 O-O 7. a3 Na5 8. Ba2 c5 9. b4 Nc6 10. d3 b6
11. b5 Nd4 12. Nxd4 exd4 13. Bg5 h6 14. Bxf6 Bxf6 15. Nd2 Be5 16. Nc4 Qg5 17. Nxe5 Bxh3 18. g3 Qxe5 19. f4 Qh5 20. Rf2 Qg4
21. Bd5 Rad8 22. Rh2 Rde8 23. Bc6 Re6 24. f5 Re5 25. Qf2 g6 26. fxg6 fxg6 27. Qd2 Qxg3+
0-1

[Event "The Summer Games"]
[Site "SchemingMind.com"]
[Date "2013.07.05"]
[Round "-"]
[White "Phillip Beckett"]
[Black "ray winteringham"]
[Result "0-1"]
[WhiteCountry "ENG"]
[BlackCountry "ENG"]
[WhiteElo "1588"]
[WhiteRD "51"]
[BlackElo "1526"]
[BlackRD "49"]
[GameID "334245"]

1. d4 Nf6 2. e3 b6 3. f4 Bb7 4. Nf3 g6 5. Bd3 Bg7 6. O-O O-O 7. c3 d6 8. Nbd2 c5 9. Qe1 e6 10. e4 Re8
11. e5 Nfd7 12. Bc2 d5 13. Qh4 Nc6 14. Ng5 h5 15. Ngf3 Ne7 16. g4 hxg4 17. Ng5 Nf8 18. Qxg4 Nf5 19. Rf3 cxd4 20. Bxf5 exf5
21. Qh4 f6 22. Nh3 fxe5 23. Qxd8 Raxd8 24. fxe5 dxc3 25. bxc3 Bxe5 26. Bb2 d4 27. cxd4 Bxf3 28. Nxf3 Bg7 29. Nhg5 Ne6 30. Nxe6 Rxe6
31. Ng5 Re2 32. Bc3 Rc2 33. Be1 Bxd4+
0-1

[Event "The Summer Games"]
[Site "SchemingMind.com"]
[Date "2013.07.25"]
[Round "-"]
[White "Paul7926"]
[Black "Mitch The Man"]
[Result "1-0"]
[WhiteCountry "ENG"]
[BlackCountry "USA"]
[WhiteElo "1336"]
[WhiteRD "81"]
[BlackElo "1395"]
[BlackRD "67"]
[GameID "335354"]

1. d4 d5 2. c4 Be6 3. Nc3 dxc4 4. e4 c6 5. Nf3 h6 6. g3 b5 7. Bf4 f6 8. Bg2 Na6 9. O-O Nb4 10. a3 Nd3
11. Qd2 Nxf4 12. Qxf4 a5 13. a4 g5 14. Qd2 b4 15. Ne2 Bg7 16. Rfc1 h5 17. h4 g4 18. Nh2 Bh6 19. Qe1 Bxc1 20. Rxc1 Rb8
21. e5 fxe5 22. Bxc6+ Kf8 23. d5 Bd7 24. Rxc4 Bxc6 25. dxc6 Qc7 26. b3 Rd8 27. f3 gxf3 28. Nxf3 Rh6 29. Nc1 Rd5 30. Ng5 Rxc6
31. Ne6+ Rxe6 32. Rxc7 Rd8 33. Qf2+ Rf6 34. Qc5 e4 35. Qxa5
1-0

[Event "The Summer Games"]
[Site "SchemingMind.com"]
[Date "2013.07.29"]
[Round "-"]
[White "Paul7926"]
[Black "Phillip Beckett"]
[Result "1/2-1/2"]
[WhiteCountry "ENG"]
[BlackCountry "ENG"]
[WhiteElo "1336"]
[WhiteRD "81"]
[BlackElo "1590"]
[BlackRD "50"]
[GameID "335355"]

1. d4 d5 2. c4 e6 3. e3 Nf6 4. Nf3 Be7 5. Bd3 dxc4 6. Bxc4 Nbd7 7. O-O O-O 8. Nc3 c5 9. Ne5 cxd4 10. exd4 Nb6
11. Qd3 Nxc4 12. Qxc4 Bd7 13. f3 Rc8 14. Qb3 Bc6 15. Nxc6 bxc6 16. Be3 Nd5 17. Nxd5 cxd5 18. Rac1 Qd7 19. Rxc8 Rxc8 20. Rc1 Rxc1+
21. Bxc1 Qc7 22. Be3 g6 23. g4 Bd6 24. a4 Qb8 25. Qxb8+ Bxb8 26. b4 Kf8 27. b5 Ke8 28. a5 Bc7 29. Bd2 Kd7 30. Kf2 Bd6=
1/2-1/2

[Event "The Summer Games"]
[Site "SchemingMind.com"]
[Date "2013.07.24"]
[Round "-"]
[White "Paul7926"]
[Black "ray winteringham"]
[Result "0-1"]
[WhiteCountry "ENG"]
[BlackCountry "ENG"]
[WhiteElo "1377"]
[WhiteRD "104"]
[BlackElo "1575"]
[BlackRD "50"]
[GameID "335356"]

1. d4 d5 2. c4 Nf6 3. Nc3 e6 4. cxd5 exd5 5. Nf3 h6 6. e3 Be6 7. Bd3 Bb4 8. Qa4+ Nc6 9. a3 Bxc3+ 10. bxc3 O-O
11. Ne5 Nxe5 12. dxe5 Nd7 13. Qf4 f6 14. exf6 Nxf6 15. O-O Ng4 16. Qb4 Qh4 17. h3 Rxf2 18. hxg4 Raf8 19. Rxf2 Qxf2+ 20. Kh2 Qh4+
21. Kg1 b6 22. g5 Qxg5 23. e4 Qf6 24. exd5 Bxd5 25. Bb2 Qf2+
0-1

[Event "The Summer Games"]
[Site "SchemingMind.com"]
[Date "2013.07.25"]
[Round "-"]
[White "Mitch The Man"]
[Black "Paul7926"]
[Result "0-1"]
[WhiteCountry "USA"]
[BlackCountry "ENG"]
[WhiteElo "1412"]
[WhiteRD "67"]
[BlackElo "1333"]
[BlackRD "91"]
[GameID "335357"]

1. e4 c6 2. d4 Nf6 3. e5 Nd5 4. c3 e6 5. Bd3 Be7 6. Ne2 d6 7. exd6 Bxd6 8. O-O b5 9. a3 O-O 10. Qc2 Qc7
11. g3 e5 12. Bxh7+ Kh8 13. Be4 g6 14. Bxd5 cxd5 15. Bg5 e4 16. Bf4 Bf5 17. Bxd6 Qxd6 18. Qd2 Bh3 19. Re1 Nd7 20. Nf4 Bf5
21. Re3 g5 22. Ne2 Kg7 23. Kg2 Rh8 24. Nc1 Bh3+ 25. Kg1 Rh5 26. Qe2 a6 27. b4 Nf6 28. Qe1 Ng4 29. Re2 Bg2
0-1

[Event "The Summer Games"]
[Site "SchemingMind.com"]
[Date "2013.07.29"]
[Round "-"]
[White "Phillip Beckett"]
[Black "Paul7926"]
[Result "1-0"]
[WhiteCountry "ENG"]
[BlackCountry "ENG"]
[WhiteElo "1553"]
[WhiteRD "51"]
[BlackElo "1333"]
[BlackRD "91"]
[GameID "335358"]

1. d4 c6 2. e3 d5 3. Bd3 Nf6 4. Nd2 g6 5. f4 Bg4 6. Ngf3 Bxf3 7. Nxf3 Ne4 8. O-O Bg7 9. Ne5 Bxe5 10. fxe5 Nd7
11. Qf3 O-O 12. Bxe4 dxe4 13. Qxe4 e6 14. Bd2 f5 15. exf6 Nxf6 16. Qxe6+ Rf7 17. e4 Qxd4+ 18. Kh1 Qxd2 19. Rxf6 Rf8 20. Rxf7 Rxf7
21. Rf1 Kg7 22. Qxf7+ Kh6 23. Qf4+ Qxf4 24. Rxf4
1-0

[Event "The Summer Games"]
[Site "SchemingMind.com"]
[Date "2013.07.24"]
[Round "-"]
[White "ray winteringham"]
[Black "Paul7926"]
[Result "1-0"]
[WhiteCountry "ENG"]
[BlackCountry "ENG"]
[WhiteElo "1526"]
[WhiteRD "49"]
[BlackElo "1367"]
[BlackRD "135"]
[GameID "335359"]

1. d4 Nf6 2. Nc3 d5 3. Nf3 Bf5 4. Bf4 Ne4 5. e3 g6 6. Nb5 Na6 7. c3 c6 8. Na3 Bg7 9. Qa4 Nc7 10. Be2 e6
11. Ne5 b5 12. Qa5 O-O 13. Nxc6 Qe8 14. Qxc7 Qc8 15. Ne7+
1-0

[Event "The Summer Games"]
[Site "SchemingMind.com"]
[Date "2013.07.28"]
[Round "-"]
[White "jpetric"]
[Black "Mitch The Man"]
[Result "1-0"]
[WhiteCountry "USA"]
[BlackCountry "USA"]
[WhiteElo "1474"]
[WhiteRD "70"]
[BlackElo "1427"]
[BlackRD "67"]
[GameID "335504"]

1. e4 e5 2. Nf3 d6 3. d4 Qe7 4. Bd3 Bg4 5. h3 Bxf3 6. Qxf3 Nd7 7. Be3 f6 8. Nc3 c6 9. O-O Nb6 10. dxe5 dxe5
11. a4 Nd7 12. Ne2 a5 13. c3 Nh6 14. Bxh6 gxh6 15. Qh5+ Kd8 16. Ng3 Rg8 17. Bc4 Rg5 18. Qd1 Kc8 19. Nf5 Qe8 20. Nd6+ Bxd6
21. Qxd6 Qh5 22. Kh2 Rg7 23. Be6 Qe8 24. Rfd1 Re7 25. Bf5 Ra6 26. Bxd7+ Rxd7 27. Qxd7+ Qxd7 28. Rxd7 Kxd7 29. Rd1+ Ke7 30. Kg3 Rb6
31. Rd2 Ra6 32. Kg4 Ra8 33. Kh5 Rg8 34. g4 Rg6 35. b4 axb4 36. cxb4 b6 37. f3 Ke8 38. Rd6
1-0

[Event "The Summer Games"]
[Site "SchemingMind.com"]
[Date "2013.07.31"]
[Round "-"]
[White "jpetric"]
[Black "Phillip Beckett"]
[Result "0-1"]
[WhiteCountry "USA"]
[BlackCountry "ENG"]
[WhiteElo "1474"]
[WhiteRD "70"]
[BlackElo "1576"]
[BlackRD "55"]
[GameID "335505"]

1. e4 e5 2. Nf3 Nc6 3. Bc4 Nf6 4. d3 Be7 5. Nc3 d6 6. Nd5 Nxd5 7. Bxd5 O-O 8. Be3 Kh8 9. Qd2 f5 10. Ng5 f4
11. Nf7+ Rxf7 12. Bxf7 fxe3 13. Qxe3 Bg5 14. Qg3 Qf6 15. Bh5 Bf4 16. Qf3 Nd4 17. Qd1 Qg5 18. O-O Bh3 19. Bf3 Nxf3+ 20. Qxf3 Bg4
21. Qxg4 Qxg4 22. h3 Qg6 23. c4 Qh5 24. b4 Rg8 25. a4 g5 26. b5 g4 27. Rfd1 gxh3 28. g3 Qf3 29. Kf1 Bxg3 30. Rd2 h2
0-1

[Event "The Summer Games"]
[Site "SchemingMind.com"]
[Date "2013.07.26"]
[Round "-"]
[White "jpetric"]
[Black "ray winteringham"]
[Result "0-1"]
[WhiteCountry "USA"]
[BlackCountry "ENG"]
[WhiteElo "1513"]
[WhiteRD "78"]
[BlackElo "1526"]
[BlackRD "49"]
[GameID "335506"]

1. e4 e5 2. Nf3 Nc6 3. Bc4 d6 4. d3 h6 5. Nc3 Nf6 6. d4 Be7 7. Nd5 O-O 8. Be3 Bg4 9. h3 Bh5 10. Qe2 exd4
11. Nxd4 Bxe2 12. Bxe2 Nxd4 13. Bxd4 Nxe4 14. O-O-O c6 15. Nb4 c5 16. Bxg7 Kxg7 17. Nd5 Nxf2 18. Rhf1 Nxd1 19. Kxd1 Bg5 20. g3 Qa5
21. Nc3 a6 22. h4 Bf6 23. Nd5 Bxb2 24. Ne7 Qxa2 25. Nf5+ Kh7 26. Bd3 Kh8 27. Nxh6 Qe6 28. Nf5 Rg8 29. Re1 Qa2 30. Nh6 Qa1+
31. Kd2 Bc3+ 32. Ke2 Rge8+
0-1

[Event "The Summer Games"]
[Site "SchemingMind.com"]
[Date "2013.07.27"]
[Round "-"]
[White "jpetric"]
[Black "Paul7926"]
[Result "1-0"]
[WhiteCountry "USA"]
[BlackCountry "ENG"]
[WhiteElo "1513"]
[WhiteRD "66"]
[BlackElo "1333"]
[BlackRD "91"]
[GameID "335507"]

1. e4 c6 2. d4 d5 3. Bd3 dxe4 4. Bxe4 Nf6 5. Nc3 Nxe4 6. Nxe4 f5 7. Ng5 Qd5 8. N1f3 h6 9. Nh3 Nd7 10. O-O e5
11. Re1 Bd6 12. c3 e4 13. Nh4 Nf6 14. Bf4 Bxf4 15. Nxf4 Qb5 16. b3 g5 17. Nh5 Nxh5 18. Qxh5+ Kd7 19. c4 Qb4 20. Nxf5 Kc7
21. Rxe4 Bxf5 22. Qf7+ Kb6 23. Qxf5 Rhf8 24. Qg6 Qc3 25. Ree1 Qd2 26. Rf1 Qxd4 27. Rac1 Qb2 28. Qb1 Qe5 29. c5+ Kc7 30. Qh7+ Kc8
31. Qxh6 Kd7 32. Rfe1 Rh8 33. Qg6 Qxh2+ 34. Kf1 Qh1+ 35. Ke2 Qxg2 36. Qg7+ Ke6 37. Kd1+ Kf5 38. Re5+ Kf4 39. Qf6+ Kg4 40. Rxg5+ Kh3
41. Rxg2 Kxg2 42. Kc2 Raf8 43. Qg5+ Kxf2 44. Qg1+ Kf3 45. Rf1+ Ke2 46. Re1+ Kf3 47. Re3+ Kf4 48. Qg3+ Kf5 49. Re5+ Kf6 50. Qg5+ Kf7
51. Re7#
1-0

[Event "The Summer Games"]
[Site "SchemingMind.com"]
[Date "2013.07.28"]
[Round "-"]
[White "Mitch The Man"]
[Black "jpetric"]
[Result "0-1"]
[WhiteCountry "USA"]
[BlackCountry "USA"]
[WhiteElo "1427"]
[WhiteRD "67"]
[BlackElo "1474"]
[BlackRD "70"]
[GameID "335508"]

1. e4 e5 2. Nf3 Nc6 3. Bc4 Bc5 4. O-O d6 5. h3 Nge7 6. Bxf7+ Kxf7 7. c3 Rf8 8. b4 Bb6 9. Ng5+ Kg8 10. Qh5 h6
11. Nf3 a5 12. d3 axb4 13. Bxh6 gxh6 14. Qxh6 Rf7 15. Ng5 Rg7 16. cxb4 Nxb4 17. Qf6 Qf8 18. Qxf8+ Kxf8 19. Nf3 Nxd3 20. Nc3 Bxh3
21. Ne1 Nf4 22. Rd1 Bxg2 23. Nxg2 Rxg2+
0-1

[Event "The Summer Games"]
[Site "SchemingMind.com"]
[Date "2013.07.31"]
[Round "-"]
[White "Phillip Beckett"]
[Black "jpetric"]
[Result "1-0"]
[WhiteCountry "ENG"]
[BlackCountry "USA"]
[WhiteElo "1576"]
[WhiteRD "55"]
[BlackElo "1474"]
[BlackRD "70"]
[GameID "335509"]

1. d4 d5 2. e3 Nc6 3. f4 Bf5 4. c3 e6 5. Nf3 Nf6 6. Be2 Ne4 7. Nbd2 Bd6 8. O-O Bg4 9. Ne5 Bxe5 10. fxe5 Bh3
11. Nxe4 Bxg2 12. Kxg2 dxe4 13. Bh5 Qg5+ 14. Qg4 Qxg4+ 15. Bxg4 O-O-O 16. Rxf7 g6 17. Bd2 Na5 18. Bxe6+ Kb8 19. Raf1 Nc4 20. Bc1 Nb6
21. Rg7 Nd5 22. Bxd5 c6 23. Bxe4 Rde8 24. Rff7
1-0

[Event "The Summer Games"]
[Site "SchemingMind.com"]
[Date "2013.07.26"]
[Round "-"]
[White "ray winteringham"]
[Black "jpetric"]
[Result "0-1"]
[WhiteCountry "ENG"]
[BlackCountry "USA"]
[WhiteElo "1526"]
[WhiteRD "49"]
[BlackElo "1513"]
[BlackRD "78"]
[GameID "335510"]

1. d4 d5 2. g3 Nc6 3. e3 Nf6 4. Bg2 Bf5 5. Bd2 e6 6. Ne2 Ne4 7. O-O Bd6 8. f3 Ng5 9. f4 Ne4 10. Nbc3 f6
11. b3 e5 12. fxe5 fxe5 13. dxe5 Nxe5 14. Nxd5 c6 15. Ndc3 Nxd2 16. Qxd2 Qd7 17. Rad1 O-O-O 18. Nd4 Bh3 19. Rf2 Ng4 20. Rf3 Ne5
21. Rf2 Rdf8 22. Be4 Ng4 23. Rxf8+ Rxf8 24. Nf5 Rxf5 25. Bxf5 Qxf5 26. Qxd6 Qf2+
0-1

[Event "The Summer Games"]
[Site "SchemingMind.com"]
[Date "2013.07.27"]
[Round "-"]
[White "Paul7926"]
[Black "jpetric"]
[Result "0-1"]
[WhiteCountry "ENG"]
[BlackCountry "USA"]
[WhiteElo "1333"]
[WhiteRD "91"]
[BlackElo "1513"]
[BlackRD "66"]
[GameID "335511"]

1. d4 d5 2. c4 c6 3. Nf3 Nf6 4. e3 Bg4 5. Be2 e6 6. Nc3 Bb4 7. Bd2 Na6 8. Ne5 Bxe2 9. Qxe2 Ne4 10. Nxe4 dxe4
11. O-O O-O 12. a3 Bd6 13. b4 Bxe5 14. dxe5 Qg5 15. Bc3 Rad8 16. Rad1 b5 17. c5 Nc7 18. f4 Qg6 19. g4 Nd5 20. h4 Nxc3
21. Rxd8 Rxd8 22. Qg2 Rd3 23. h5 Qh6 24. Qh3 g6 25. g5 Qxh5 26. Qxh5 gxh5 27. Rf2 Nd1 28. Re2 Nxe3 29. Kf2 Ng4+ 30. Ke1 e3
31. Rg2 Rxa3 32. Rxg4 hxg4
0-1

[Event "The Summer Games"]
[Site "SchemingMind.com"]
[Date "2013.08.02"]
[Round "-"]
[White "rk"]
[Black "Mitch The Man"]
[Result "0-1"]
[WhiteCountry "USA"]
[BlackCountry "USA"]
[WhiteElo "1245"]
[WhiteRD "107"]
[BlackElo "1427"]
[BlackRD "67"]
[GameID "335946"]

1. e4 e5 2. Nf3 Nc6 3. Bb5 a6 4. Ba4 b5 5. Bb3 Nd4 6. Nxe5 Nxb3 7. axb3 Bb7 8. d3 Bd6 9. Ng4 Ne7 10. O-O O-O
11. e5 Bc5 12. d4 Bb6 13. Nf6+ gxf6 14. exf6 Ng6
0-1

[Event "The Summer Games"]
[Site "SchemingMind.com"]
[Date "2013.08.01"]
[Round "-"]
[White "rk"]
[Black "jpetric"]
[Result "0-1"]
[WhiteCountry "USA"]
[BlackCountry "USA"]
[WhiteElo "1199"]
[WhiteRD "102"]
[BlackElo "1513"]
[BlackRD "66"]
[GameID "335948"]

1. e4 e5 2. Nf3 Nc6 3. Bb5 a6 4. Ba4 b5 5. Bb3 Nf6 6. O-O Bc5 7. d3 d6 8. Ng5 O-O 9. Bd5 Nxd5 10. exd5 Nd4
11. b4 Bb6 12. c3 Nf5 13. g4 Nh6 14. h3 f5 15. Ne6 Bxe6 16. dxe6 Qh4 17. g5 Qg3+
0-1

[Event "The Summer Games"]
[Site "SchemingMind.com"]
[Date "2013.08.01"]
[Round "-"]
[White "rk"]
[Black "ray winteringham"]
[Result "0-1"]
[WhiteCountry "USA"]
[BlackCountry "ENG"]
[WhiteElo "1245"]
[WhiteRD "107"]
[BlackElo "1575"]
[BlackRD "50"]
[GameID "335949"]

1. e4 e5 2. Nf3 Nc6 3. Bb5 Nge7 4. O-O a6 5. Ba4 b5 6. Bb3 h6 7. d3 Bb7 8. Be3 d6 9. Nc3 Qd7 10. h3 O-O-O
11. Bxf7 Ng8 12. Bd5 Nf6 13. a4 b4 14. Na2 a5 15. c3 Nxd5 16. exd5 Nb8
0-1

[Event "The Summer Games"]
[Site "SchemingMind.com"]
[Date "2013.08.01"]
[Round "-"]
[White "rk"]
[Black "Paul7926"]
[Result "0-1"]
[WhiteCountry "USA"]
[BlackCountry "ENG"]
[WhiteElo "1245"]
[WhiteRD "107"]
[BlackElo "1377"]
[BlackRD "104"]
[GameID "335950"]

1. e4 c6 2. Nc3 d5 3. Nf3 f6 4. Bd3 e5 5. O-O d4 6. Ne2 Be6 7. c4 Bc5 8. Qb3 b6 9. Qa4 Ne7 10. b4 b5
11. Qb3 bxc4 12. Bxc4 Bxc4 13. Qxc4 Bb6
0-1

[Event "The Summer Games"]
[Site "SchemingMind.com"]
[Date "2013.08.02"]
[Round "-"]
[White "Mitch The Man"]
[Black "rk"]
[Result "1-0"]
[WhiteCountry "USA"]
[BlackCountry "USA"]
[WhiteElo "1427"]
[WhiteRD "67"]
[BlackElo "1245"]
[BlackRD "107"]
[GameID "335951"]

1. e4 e5 2. Nf3 Bd6 3. h3 Nf6 4. Bd3 O-O 5. O-O Nc6 6. c3 b6 7. Bc4 Nxe4 8. d3 Nc5 9. Ng5 h6 10. Nxf7 Rxf7
11. Bxf7+ Kxf7 12. b4 Ne6 13. Qh5+
1-0

[Event "The Summer Games"]
[Site "SchemingMind.com"]
[Date "2013.08.02"]
[Round "-"]
[White "jpetric"]
[Black "rk"]
[Result "1-0"]
[WhiteCountry "USA"]
[BlackCountry "USA"]
[WhiteElo "1474"]
[WhiteRD "70"]
[BlackElo "1245"]
[BlackRD "107"]
[GameID "335953"]

1. e4 e5 2. Nf3 Bd6 3. Bc4 Nf6 4. d4 Nxe4 5. O-O O-O 6. Nbd2 Nf6 7. dxe5 Bxe5 8. Nxe5 d5 9. Bd3 Qd6 10. Nef3 Bg4
11. h3 Bxf3 12. Qxf3 Nc6 13. Nb3
1-0

[Event "The Summer Games"]
[Site "SchemingMind.com"]
[Date "2013.08.02"]
[Round "-"]
[White "ray winteringham"]
[Black "rk"]
[Result "1-0"]
[WhiteCountry "ENG"]
[BlackCountry "USA"]
[WhiteElo "1575"]
[WhiteRD "50"]
[BlackElo "1245"]
[BlackRD "107"]
[GameID "335954"]

1. d4 d5 2. c4 dxc4 3. e4 b5 4. Nc3 a6 5. Nf3 Bg4 6. Be2 Nf6 7. e5 Nd5 8. h3 Bh5 9. a3 e6 10. Nxd5 Qxd5
11. O-O Be7 12. Nh2 Bxe2 13. Qxe2 Qxd4 14. Rd1 Qc5 15. Qe4
1-0

[Event "The Summer Games"]
[Site "SchemingMind.com"]
[Date "2013.08.02"]
[Round "-"]
[White "Paul7926"]
[Black "rk"]
[Result "1-0"]
[WhiteCountry "ENG"]
[BlackCountry "USA"]
[WhiteElo "1377"]
[WhiteRD "104"]
[BlackElo "1245"]
[BlackRD "107"]
[GameID "335955"]

1. d4 d5 2. c4 dxc4 3. e4 b5 4. b3 Ba6 5. bxc4 bxc4 6. Nc3 e6 7. Qa4+ c6 8. Bxc4 Qxd4 9. Bb2 Qxc4 10. Qxc4 Bxc4
11. Nge2 Nh6 12. Rc1 Bb4 13. O-O
1-0

[Event "The Summer Games"]
[Site "SchemingMind.com"]
[Date "2013.08.02"]
[Round "-"]
[White "cnbcad"]
[Black "Mitch The Man"]
[Result "0-1"]
[WhiteCountry "USA"]
[BlackCountry "USA"]
[WhiteElo "1512"]
[WhiteRD "103"]
[BlackElo "1427"]
[BlackRD "67"]
[GameID "335981"]

1. Nf3 e6 2. g3 Be7 3. Bg2 f6 4. e4 Nh6 5. d4 O-O 6. Bxh6 gxh6 7. Nh4 Rf7 8. Qg4+ Rg7 9. Qf4 Bf8 10. Qxh6 Rg6
11. Nxg6 Bxh6 12. Nh4 Qe8 13. O-O Nc6 14. c3 b5 15. Na3 a6 16. Rfe1 Bg5 17. Nf3 Bh6
0-1

[Event "The Summer Games"]
[Site "SchemingMind.com"]
[Date "2013.08.02"]
[Round "-"]
[White "cnbcad"]
[Black "rk"]
[Result "1-0"]
[WhiteCountry "USA"]
[BlackCountry "USA"]
[WhiteElo "1512"]
[WhiteRD "103"]
[BlackElo "1245"]
[BlackRD "107"]
[GameID "335982"]

1. Nf3 e6 2. g3 Nf6 3. Bg2 Bd6 4. O-O O-O 5. Nc3 Re8 6. e4 e5 7. d3 Nc6 8. a3 b6 9. Nd5 h6 10. Nxf6+ Qxf6
11. c3 a5 12. Nh4 Be7 13. Nf5 d6 14. Qg4
1-0

[Event "The Summer Games"]
[Site "SchemingMind.com"]
[Date "2013.08.06"]
[Round "-"]
[White "cnbcad"]
[Black "Phillip Beckett"]
[Result "0-1"]
[WhiteCountry "USA"]
[BlackCountry "ENG"]
[WhiteElo "1542"]
[WhiteRD "75"]
[BlackElo "1553"]
[BlackRD "51"]
[GameID "335983"]

1. Nf3 Nf6 2. g3 g6 3. Bg2 Bg7 4. O-O O-O 5. Nc3 d6 6. d4 Nbd7 7. e4 c6 8. e5 dxe5 9. dxe5 Ng4 10. Bf4 Ngxe5
11. Qe2 Nxf3+ 12. Qxf3 Nf6 13. Rad1 Qb6 14. Na4 Qb4 15. b3 Bg4 16. Qc3 Qxc3 17. Nxc3 Bxd1 18. Nxd1 Nd5 19. Bg5 f6 20. Be3 Nxe3
21. Nxe3 e5 22. Nc4 Rad8 23. a4 b5 24. axb5 cxb5 25. Na5 Rd2 26. Be4 f5 27. Bc6 Rc8 28. c4 bxc4 29. bxc4 Ra2 30. Bd5+ Kf8
31. Nc6 a5 32. Rc1 a4 33. Nb4 Rb2 34. Nd3 Rb3 35. Ne1 a3 36. Ra1 e4 37. Nc2 Rc3 38. Nxa3 Rd3 39. Nc2 Bxa1 40. Nxa1 Rd1+
0-1

[Event "The Summer Games"]
[Site "SchemingMind.com"]
[Date "2013.08.02"]
[Round "-"]
[White "cnbcad"]
[Black "jpetric"]
[Result "1-0"]
[WhiteCountry "USA"]
[BlackCountry "USA"]
[WhiteElo "1512"]
[WhiteRD "103"]
[BlackElo "1474"]
[BlackRD "70"]
[GameID "335984"]

1. Nf3 d5 2. d4 Bf5 3. g3 Nc6 4. Bg2 Nf6 5. Bf4 Nh5 6. Be3 e6 7. Nc3 Bb4 8. Qd2 Nf6 9. a3 Ba5 10. Nh4 Ne7
11. Nxf5 Nxf5 12. b4 Bb6 13. O-O e5 14. dxe5 d4 15. Na4 dxe3 16. Qxd8+ Rxd8 17. Nxb6 cxb6 18. exf6 exf2+ 19. Rxf2 g6 20. Bxb7 O-O
21. c3 Rd2 22. Ba6 Rfd8 23. Bd3 Ne3 24. Rf4 Nc2 25. Ra2 Rd1+ 26. Kf2 g5 27. Re4 Ne1 28. Re7 a5 29. b5 h5 30. Rb7 Nxd3+
31. exd3 R1xd3 32. Rc2 R8d6 33. Ke2 Rd7 34. Rxb6 R3d6 35. Rb8+ Rd8 36. Rxd8+ Rxd8 37. a4 Rd6 38. c4 Rxf6 39. c5 Kf8 40. c6 Re6+
41. Kf3 Ke8 42. c7
1-0